| 000 | 00499nam a2200181Ia 4500 | ||
|---|---|---|---|
| 003 | Ost | ||
| 005 | 20260507075114.0 | ||
| 008 | 260507s9999||||xx |||||||||||||| ||und|| | ||
| 040 | _cfsecg | ||
| 041 | _aara | ||
| 082 | _a330 | ||
| 100 |
_aالقحف، منذر _eمؤلف |
||
| 245 | 0 |
_aالسياسات المالية / _c منذر القحف |
|
| 260 |
_aبيروت: _bدار الفكر المعاصر, _c1999 |
||
| 300 | _a صفحة؛ | ||
| 653 | _aسياسة مالية | ||
| 942 | _cكتاب | ||
| 999 |
_c42987 _d42987 |
||